Statistics for Players With TD Receptions From Peyton Manning

Click here to take the quiz!

General Stats

  • This quiz has been taken 59 times
  • The average score is 11 of 50

Answer Stats

Team TDs Receiver % Correct
Denver24Julius Thomas
90%
Denver41Demaryius Thomas
90%
Indianapolis114Marvin Harrison
85%
Indianapolis76Reggie Wayne
83%
Denver13Emmanuel Sanders
75%
Denver13Wes Welker
73%
Indianapolis48Dallas Clark
60%
Denver2C.J. Anderson
56%
Indianapolis11Edgerrin James
46%
Denver4Knowshon Moreno
35%
Denver24Eric Decker
33%
Indianapolis17Austin Collie
33%
Indianapolis9Joseph Addai
31%
Indianapolis4Marshall Faulk
25%
Denver1Virgil Green
25%
Indianapolis8Anthony Gonzalez
25%
Indianapolis13Pierre Garcon
25%
Indianapolis2E.G. Green
25%
Indianapolis5Blair White
21%
Denver1Lance Ball
21%
Indianapolis2Ricky Williams
21%
Both24Brandon Stokley
21%
Denver1Ronnie Hillman
21%
Both10Jacob Tamme
17%
Denver5Owen Daniels
13%
Indianapolis35Marcus Pollard
10%
Indianapolis4Dominic Rhodes
10%
Denver3Andre Caldwell
8%
Indianapolis4James Mungro
6%
Indianapolis1Gijon Robinson
4%
Indianapolis4Troy Walters
4%
Indianapolis2Dan Klecko
4%
Indianapolis1Tom Santi
4%
Indianapolis5Bryan Fletcher
4%
Indianapolis1Jim Finn
2%
Indianapolis1Kenton Keith
2%
Indianapolis1Lamont Warren
2%
Indianapolis1Tom Lopienski
2%
Indianapolis1Trevor Insley
2%
Indianapolis1Mike Roberg
2%
Indianapolis1Luke Lawton
2%
Indianapolis7Ken Dilger
2%
Denver6Joel Dreessen
2%
Indianapolis2Ben Utecht
2%
Indianapolis3Qadry Ismail
2%
Indianapolis7Torrance Small
2%
Indianapolis7Terrence Wilkins
2%
Indianapolis7Jerome Pathon
2%
Denver1Mitch Unrein
2%
Indianapolis1Aaron Moorehead
2%

Score Distribution

Percentile by Number Answered

Percent of People with Each Score

Your Score History

You have not taken this quiz